[Event "CZE-ch U16"]
[Site "Kouty nad Desnou"]
[Date "2024.03.16"]
[Round "9"]
[White "Pressler, Tobias"]
[Black "Buchtova, Viktorie"]
[Result "0-1"]
[WhiteElo "1954"]
[BlackElo "1874"]
[PlyCount "104"]
[EventDate "2024.03.09"]
[EventType "swiss"]
[EventRounds "9"]
[EventCountry "CZE"]
[SourceTitle "CB12_2024"]
[SourceDate "2023.10.01"]
[SourceVersion "1"]
[SourceVersionDate "2023.10.01"]
[SourceQuality "1"]

1. f4 Nf6 2. Nf3 g6 3. g3 Bg7 4. Bg2 d5 5. 0-0 c5 6. d3 Nc6 7. c3 0-0 8. Qc2 d4 9. e4 dxe3 10. Bxe3 Bf5 11. Rd1 c4 12. Ne1 Ng4 13. Qe2 Nd4 14. Qd2 cxd3 15. Na3 Nc2 16. Nexc2 dxc2 17. Rdc1 Qxd2 18. Bxd2 Rfd8 19. Be1 Ne3 20. Bf3 Rd7 21. Kf2 Nd1+ 22. Bxd1 cxd1Q 23. Rxd1 Rad8 24. Rxd7 Rxd7 25. Nc4 b5 26. Ne3 Be6 27. a4 Rb7 28. axb5 Rxb5 29. Rxa7 Rxb2+ 30. Kf3 Rb3 31. Ra8+ Bf8 32. Ke4 f5+ 33. Ke5 Kf7 34. Rxf8+ Kxf8 35. Kxe6 Rb2 36. Nc4 Re2+ 37. Ne5 Rxe1 38. Kd7 Re2 39. c4 Rxh2 40. c5 Rd2+ 41. Kc8 Rg2 42. c6 Rxg3 43. c7 Ke8 44. Kb7 Rb3+ 45. Ka6 Rc3 46. Kb7 h5 47. c8Q+ Rxc8 48. Kxc8 h4 49. Nf3 h3 50. Kc7 e5 51. fxe5 g5 52. Kd6 g4 0-1

[Event "CZE-ch U16"]
[Site "Kouty nad Desnou"]
[Date "2024.03.15"]
[Round "8"]
[White "Buchtova, Viktorie"]
[Black "Mikolas, Petr"]
[Result "1/2-1/2"]
[WhiteElo "1874"]
[BlackElo "1957"]
[PlyCount "87"]
[EventDate "2024.03.09"]
[EventType "swiss"]
[EventRounds "9"]
[EventCountry "CZE"]
[SourceTitle "CB12_2024"]
[SourceDate "2023.10.01"]
[SourceVersion "1"]
[SourceVersionDate "2023.10.01"]
[SourceQuality "1"]

1. e4 c5 2. Nf3 d6 3. d4 cxd4 4. Nxd4 Nf6 5. Nc3 a6 6. Be3 e5 7. Nb3 Be7 8. f3 Be6 9. Qd2 h5 10. 0-0-0 Nbd7 11. h3 b5 12. Rg1 b4 13. Ne2 a5 14. Kb1 a4 15. Nbc1 d5 16. g4 d4 17. Bf2 b3 18. cxb3 axb3 19. a3 hxg4 20. hxg4 Rc8 21. Qe1 Rc2 22. Rd2 Nc5 23. Ng3 Qd7 24. Qd1 Rh2 25. Rxc2 bxc2+ 26. Qxc2 d3 27. Bxd3 Nxd3 28. Nxd3 Qb5 29. Nf1 Rh3 30. Nd2 Bxa3 31. Nxe5 Qxe5 32. bxa3 Qb5+ 33. Ka1 Qa6 34. Qb2 Nxg4 35. Rxg4 Bxg4 36. fxg4 Rxa3+ 37. Kb1 Qd3+ 38. Kc1 f6 39. Kd1 Qa6 40. Bd4 Ra2 41. Qb3 Qa4 42. Qxa4+ Rxa4 43. Be3 Kf7 44. Ke2 1/2-1/2

[Event "CZE-ch U16"]
[Site "Kouty nad Desnou"]
[Date "2024.03.13"]
[Round "6"]
[White "Buchtova, Viktorie"]
[Black "Zemek, Antonin"]
[Result "0-1"]
[WhiteElo "1874"]
[BlackElo "1870"]
[PlyCount "90"]
[EventDate "2024.03.09"]
[EventType "swiss"]
[EventRounds "9"]
[EventCountry "CZE"]
[SourceTitle "CB12_2024"]
[SourceDate "2023.10.01"]
[SourceVersion "1"]
[SourceVersionDate "2023.10.01"]
[SourceQuality "1"]

1. e4 e6 2. d4 d5 3. Nc3 Nf6 4. Bg5 Bb4 5. e5 h6 6. Bd2 Nfd7 7. Qg4 g6 8. Bd3 Qe7 9. Nf3 c5 10. Nb5 c4 11. Bxg6 Bxd2+ 12. Nxd2 Rg8 13. Bxf7+ Kxf7 14. Qf4+ Kg7 15. Nc7 Na6 16. Nxa8 Nf8 17. 0-0 Ng6 18. Qe3 Bd7 19. b3 Nb4 20. Qc3 Rxa8 21. a3 Na6 22. bxc4 dxc4 23. Nxc4 Rc8 24. Qb3 Bc6 25. Nd6 Rg8 26. Qe3 Kh7 27. Ne4 Qh4 28. Nf6+ Kh8 29. Qg3 Rg7 30. f3 Qxd4+ 31. Qf2 Qxe5 32. Ng4 Qg5 33. Rad1 Nf4 34. h4 Qf5 35. Kh2 h5 36. Ne3 Qf6 37. g3 Ng6 38. Rd3 Nc5 39. Rc3 Qxc3 40. Rd1 Qf6 41. Nc4 Nxh4 42. gxh4 Qf4+ 43. Kh3 Ne4 44. Qe1 Rg3+ 45. Kh2 Qxh4# 0-1

[Event "Bohumin op-B 6th"]
[Site "Bohumin"]
[Date "2023.07.05"]
[Round "5"]
[White "Klapuch, Dominik"]
[Black "Buchtova, Viktorie"]
[Result "1/2-1/2"]
[WhiteElo "1801"]
[BlackElo "1598"]
[PlyCount "45"]
[EventDate "2023.07.01"]
[EventType "swiss"]
[EventRounds "9"]
[EventCountry "CZE"]
[SourceTitle "EXT 2024"]
[Source "ChessBase"]
[SourceDate "2023.10.10"]
[SourceVersion "1"]
[SourceVersionDate "2023.10.10"]
[SourceQuality "1"]

1. e4 c5 2. Nf3 Nc6 3. Bb5 g6 4. 0-0 Bg7 5. c3 Qc7 6. Na3 d6 7. Nc2 Bd7 8. Re1 Nf6 9. a4 a6 10. Bf1 0-0 11. d4 cxd4 12. cxd4 Rac8 13. Bg5 Bg4 14. Rc1 Qa5 15. e5 dxe5 16. dxe5 Nxe5 17. Bd2 Qd5 18. Ne3 Qd6 19. Nxg4 Nfxg4 20. Nxe5 Nxe5 21. Bf4 Qxd1 22. Rcxd1 Nc6 23. Rd7 1/2-1/2

[Event "CZE-ch U14 Girls"]
[Site "Teplice"]
[Date "2023.03.15"]
[Round "6"]
[White "Buchtova, Viktorie"]
[Black "Dorazilova, Kristyna"]
[Result "1/2-1/2"]
[WhiteElo "1560"]
[BlackElo "1483"]
[PlyCount "92"]
[EventDate "2023.03.11"]
[EventType "swiss"]
[EventRounds "9"]
[EventCountry "CZE"]
[SourceTitle "CBM 213 Extra"]
[Source "ChessBase"]
[SourceDate "2023.05.31"]
[SourceVersion "1"]
[SourceVersionDate "2023.05.31"]
[SourceQuality "1"]

1. e4 e5 2. Nf3 Nf6 3. Nxe5 d6 4. Nf3 Nxe4 5. d4 d5 6. Bd3 Bd6 7. 0-0 0-0 8. Re1 Re8 9. c4 c6 10. Qb3 h6 11. Nc3 Nxc3 12. Rxe8+ Qxe8 13. bxc3 dxc4 14. Bxc4 Nd7 15. Ba3 Bxa3 16. Qxa3 Qf8 17. Qxf8+ Kxf8 18. Bb3 b6 19. Re1 Bb7 20. Nd2 Nf6 21. f3 Rd8 22. Ne4 Nd5 23. c4 Nc7 24. Rd1 f5 25. Nc3 b5 26. Kf2 bxc4 27. Bxc4 Ba6 28. Bxa6 Nxa6 29. d5 Nb4 30. dxc6 Nxc6 31. Rxd8+ Nxd8 32. Ke3 Ne6 33. Nd5 Ke8 34. Nf4 Ke7 35. Nxe6 Kxe6 36. Kd4 Kd6 37. g3 g5 38. h3 h5 39. h4 f4 40. hxg5 fxg3 41. Ke3 h4 42. f4 h3 43. Kf3 h2 44. Kg2 Ke6 45. g6 Kf6 46. f5 Kg7 1/2-1/2

[Event "CZE-ch U14 Girls"]
[Site "Teplice"]
[Date "2023.03.13"]
[Round "4"]
[White "Buchtova, Viktorie"]
[Black "Bouchalova, Kveta"]
[Result "1-0"]
[WhiteElo "1560"]
[BlackElo "1341"]
[PlyCount "107"]
[EventDate "2023.03.11"]
[EventType "swiss"]
[EventRounds "9"]
[EventCountry "CZE"]
[SourceTitle "CBM 213 Extra"]
[Source "ChessBase"]
[SourceDate "2023.05.31"]
[SourceVersion "1"]
[SourceVersionDate "2023.05.31"]
[SourceQuality "1"]

1. e4 e5 2. Nf3 Nc6 3. Bb5 f5 4. Nc3 fxe4 5. Nxe4 Nf6 6. Nxf6+ Qxf6 7. Qe2 Be7 8. Bxc6 bxc6 9. d4 0-0 10. Nxe5 Qe6 11. Qc4 Qxc4 12. Nxc4 c5 13. dxc5 Bxc5 14. Be3 Bxe3 15. Nxe3 Bb7 16. 0-0 d5 17. Rad1 Rad8 18. Rd4 c5 19. Ra4 a6 20. Ra5 Rc8 21. Rd1 Rfd8 22. Ra3 d4 23. Rad3 Be4 24. R3d2 Rd7 25. f3 Bg6 26. Nc4 Re7 27. Kf2 Rd8 28. Re1 Rxe1 29. Kxe1 d3 30. c3 Bf7 31. b3 Kf8 32. Kf2 Bg6 33. Ne5 Bf5 34. g4 Be6 35. Rxd3 Rxd3 36. Nxd3 c4 37. Nc5 Bd5 38. b4 Ke7 39. Nxa6 Bc6 40. Ke3 Kd6 41. f4 Kd5 42. h3 Bb7 43. b5 g6 44. a4 h6 45. Ke2 Bc8 46. Kf3 Bb7 47. Ke3 Bc8 48. Nb4+ Kc5 49. Ke4 Bb7+ 50. Ke5 Bg2 51. f5 gxf5 52. gxf5 Bf3 53. f6 Bh5 54. Ke6 1-0

[Event "CZE-chT U12"]
[Site "Jihlava"]
[Date "2022.06.12"]
[Round "8.1"]
[White "Buchtova, Viktorie"]
[Black "Sochor, Vaclav"]
[Result "1-0"]
[WhiteElo "1363"]
[BlackElo "1508"]
[PlyCount "91"]
[EventDate "2022.06.10"]
[EventType "team-swiss"]
[EventRounds "9"]
[EventCountry "CZE"]
[SourceTitle "CBM 209 Extra"]
[Source "ChessBase"]
[SourceDate "2022.09.30"]
[SourceVersion "1"]
[SourceVersionDate "2022.09.30"]
[SourceQuality "1"]
[WhiteTeam "Frydek Mistek U12"]
[BlackTeam "Grygov U12"]
[WhiteTeamCountry "CZE"]
[BlackTeamCountry "CZE"]

1. e4 e6 2. d4 d5 3. exd5 exd5 4. c4 Bb4+ 5. Nc3 Nf6 6. Bg5 0-0 7. Nf3 c6 8. Be2 dxc4 9. Bxc4 Bg4 10. 0-0 Bxf3 11. Qxf3 Qxd4 12. Bd3 Qg4 13. Qe3 Nbd7 14. h3 Qe6 15. Qd4 Bc5 16. Qh4 h6 17. Bf4 g5 18. Bxg5 hxg5 19. Qxg5+ Kh8 20. Bf5 Qe7 21. Rae1 Bxf2+ 22. Kxf2 Qc5+ 23. Re3 Rfe8 24. Rfe1 Re5 25. g4 Rae8 26. Kf3 Rxe3+ 27. Rxe3 Rxe3+ 28. Qxe3 Ne5+ 29. Ke2 Qxe3+ 30. Kxe3 Nc4+ 31. Kd4 Nxb2 32. Bc2 b5 33. Kc5 Nc4 34. Kxc6 a6 35. Bf5 b4 36. Nd5 Nxd5 37. Kxd5 Ne3+ 38. Kc5 a5 39. Bd3 Kg7 40. Kb5 Nd5 41. Kxa5 Nc3 42. Bc4 Ne4 43. Kxb4 Nf2 44. Bf1 Kg6 45. a4 Ne4 46. Bd3 1-0

[Event "CZE-chT U12"]
[Site "Jihlava"]
[Date "2022.06.11"]
[Round "4.1"]
[White "Buchtova, Viktorie"]
[Black "Mik, Tomas"]
[Result "0-1"]
[WhiteElo "1363"]
[BlackElo "1668"]
[PlyCount "110"]
[EventDate "2022.06.10"]
[EventType "team-swiss"]
[EventRounds "9"]
[EventCountry "CZE"]
[SourceTitle "CBM 209 Extra"]
[Source "ChessBase"]
[SourceDate "2022.09.30"]
[SourceVersion "1"]
[SourceVersionDate "2022.09.30"]
[SourceQuality "1"]
[WhiteTeam "Frydek Mistek U12"]
[BlackTeam "Rychnov nad Kneznou U12"]
[WhiteTeamCountry "CZE"]
[BlackTeamCountry "CZE"]

1. e4 c5 2. Nf3 e6 3. d4 cxd4 4. Nxd4 Nf6 5. Nc3 d6 6. Bc4 Be7 7. Bb3 0-0 8. 0-0 Nc6 9. Be3 Bd7 10. f4 Nxd4 11. Bxd4 Bc6 12. e5 dxe5 13. Bxe5 Bc5+ 14. Kh1 Qxd1 15. Raxd1 Ng4 16. Bd4 Bxd4 17. Rxd4 Ne3 18. Rf2 Rfd8 19. Rdd2 b5 20. a3 a5 21. h3 Nxg2 22. Rxd8+ Rxd8 23. Rxg2 Rd2 24. Nd5 Rxd5 25. Bxd5 Bxd5 26. b3 Kf8 27. Kg1 Bxg2 28. Kxg2 Ke7 29. Kf3 Kd6 30. Ke4 f6 31. h4 g6 32. Kd4 h6 33. c4 bxc4 34. Kxc4 Kc6 35. Kd4 Kb5 36. Ke4 Kc5 37. Ke3 Kd5 38. Kd3 e5 39. Ke3 exf4+ 40. Kxf4 Kd4 41. Kg4 h5+ 42. Kf4 Kc3 43. b4 axb4 44. axb4 Kxb4 45. Ke4 Kc4 46. Ke3 Kd5 47. Kf3 Ke5 48. Ke3 Kf5 49. Kf3 g5 50. Kg3 g4 51. Kg2 Kf4 52. Kf2 g3+ 53. Kg2 Kg4 54. Kg1 Kxh4 55. Kh1 Kg4 0-1

[Event "CZE-chT U12"]
[Site "Jihlava"]
[Date "2022.06.11"]
[Round "6.1"]
[White "Delgerdalai, Bayarjavkhlan"]
[Black "Buchtova, Viktorie"]
[Result "1-0"]
[WhiteElo "1779"]
[BlackElo "1363"]
[PlyCount "73"]
[EventDate "2022.06.10"]
[EventType "team-swiss"]
[EventRounds "9"]
[EventCountry "CZE"]
[SourceTitle "CBM 209 Extra"]
[Source "ChessBase"]
[SourceDate "2022.09.30"]
[SourceVersion "1"]
[SourceVersionDate "2022.09.30"]
[SourceQuality "1"]
[WhiteTeam "Stare Mesto U12"]
[BlackTeam "Frydek Mistek U12"]
[WhiteTeamCountry "CZE"]
[BlackTeamCountry "CZE"]

1. d4 Nf6 2. c4 e6 3. Nf3 d5 4. Nc3 c5 5. cxd5 Nxd5 6. e4 cxd4 7. Bb5+ Bd7 8. exd5 dxc3 9. dxe6 fxe6 10. Bxd7+ Qxd7 11. bxc3 Bc5 12. Qe2 Nc6 13. 0-0 0-0 14. Be3 Bxe3 15. Qxe3 Rad8 16. Ng5 e5 17. Rab1 b6 18. Rfe1 Qd3 19. Ne6 Qxe3 20. Rxe3 Rd2 21. Nxf8 Kxf8 22. Ra1 Kf7 23. Kf1 Ke6 24. f4 Kf5 25. fxe5 Nxe5 26. h3 Rc2 27. Rae1 Nc4 28. Rf3+ Kg6 29. Re6+ Kh5 30. Rf5+ g5 31. Rff6 Nd2+ 32. Ke1 Kh4 33. Rf2 Rxa2 34. Rxd2 Ra3 35. Rd3 Kh5 36. g4+ Kh4 37. Rh6# 1-0

[Event "CZE-ch U12 Girls"]
[Site "Luhacovice"]
[Date "2022.03.15"]
[Round "5"]
[White "Buchtova, Viktorie"]
[Black "Stehlikova, Vanessa"]
[Result "1-0"]
[WhiteElo "1494"]
[BlackElo "1038"]
[PlyCount "47"]
[EventDate "2022.03.12"]
[EventType "swiss"]
[EventRounds "9"]
[EventCountry "CZE"]
[SourceTitle "EXT 2023"]
[Source "ChessBase"]
[SourceDate "2022.10.05"]
[SourceVersion "1"]
[SourceVersionDate "2022.10.05"]
[SourceQuality "1"]

1. e4 e5 2. Nf3 Nc6 3. d4 exd4 4. c3 dxc3 5. Nxc3 Nf6 6. e5 Ng8 7. Bc4 d5 8. Qxd5 Qxd5 9. Nxd5 Kd8 10. Bf4 Nge7 11. Ng5 Be6 12. Nxe6+ fxe6 13. Nxe7 Kxe7 14. 0-0-0 g6 15. Bg5+ Ke8 16. Bf6 Bh6+ 17. Kb1 Rf8 18. Bxe6 Nd8 19. Bd7+ Kf7 20. Bb5 c6 21. Bc4+ Ke8 22. g4 g5 23. h4 gxh4 24. Rxh4 1-0

[Event "EU-ch Amateur Online Final 1400/1700"]
[Site "Tornelo INT"]
[Date "2021.04.18"]
[Round "1"]
[White "Tsilimparis, Ioannis"]
[Black "Buchtova, Viktorie"]
[Result "1-0"]
[WhiteElo "1659"]
[BlackElo "1432"]
[PlyCount "35"]
[EventDate "2021.04.18"]
[EventType "swiss (rapid)"]
[EventRounds "9"]
[EventCountry "NET"]
[SourceTitle "EXT 2023"]
[Source "ChessBase"]
[SourceDate "2022.10.05"]
[SourceVersion "1"]
[SourceVersionDate "2022.10.05"]
[SourceQuality "1"]

1. e4 c5 2. Nf3 d6 3. d4 cxd4 4. Nxd4 Nf6 5. Nc3 g6 6. Bc4 Bg7 7. Bb3 0-0 8. 0-0 Nc6 9. Nf3 Qc7 10. Bg5 Bg4 11. h3 Bd7 12. Bxf6 Bxf6 13. Nd5 Qa5 14. Nxf6+ exf6 15. Qxd6 Rad8 16. Qxf6 Rfe8 17. Qxf7+ Kh8 18. Qf6# 1-0

[Event "EU-ch Online U12 Girls"]
[Site "Tornelo INT"]
[Date "2020.09.19"]
[Round "5"]
[White "Buchtova, Viktorie"]
[Black "Vukovic, Andjela"]
[Result "1-0"]
[WhiteElo "1294"]
[BlackElo "1134"]
[PlyCount "24"]
[EventDate "2020.09.18"]
[EventType "swiss (rapid)"]
[EventRounds "9"]
[EventCountry "NET"]
[SourceTitle "EXT 2023"]
[Source "ChessBase"]
[SourceDate "2022.10.05"]
[SourceVersion "1"]
[SourceVersionDate "2022.10.05"]
[SourceQuality "1"]
[WhiteTeam "Czech Republic"]
[BlackTeam "Montenegro"]
[WhiteTeamCountry "CZE"]
[BlackTeamCountry "MNE"]

1. e4 c5 2. Nf3 Nc6 3. d4 cxd4 4. Nxd4 Nf6 5. Nc3 g6 6. Be3 Bg7 7. Bc4 0-0 8. Bb3 Nxd4 9. Bxd4 b6 10. 0-0 Bb7 11. Qd3 d6 12. Rad1 a5 1-0

[Event "CZE-ch U10 Girls"]
[Site "Kouty nad Desnou"]
[Date "2020.03.09"]
[Round "3"]
[White "Buchtova, Viktorie"]
[Black "Bouchalova, Kveta"]
[Result "1-0"]
[WhiteElo "1347"]
[BlackElo "1235"]
[PlyCount "65"]
[EventDate "2020.03.07"]
[EventType "swiss"]
[EventRounds "7"]
[EventCountry "CZE"]
[SourceTitle "CBM 195 Extra"]
[Source "ChessBase"]
[SourceDate "2020.05.31"]
[SourceVersion "1"]
[SourceVersionDate "2020.05.31"]
[SourceQuality "1"]

1. e4 e5 2. Nf3 Nc6 3. d4 exd4 4. Bc4 Nf6 5. 0-0 Bc5 6. e5 d5 7. exf6 dxc4 8. Re1+ Be6 9. Ng5 Qxf6 10. Nxe6 fxe6 11. Qh5+ g6 12. Qxc5 Ne7 13. Bg5 Qf7 14. Qxd4 Rf8 15. Nc3 Rd8 16. Qc5 Rd7 17. Qxa7 b6 18. Ne4 Qf5 19. f3 h5 20. Rad1 Qb5 21. Nf6+ Rxf6 22. Bxf6 Qc5+ 23. Kf1 Rxd1 24. Rxd1 Nd5 25. Bg5 c3 26. bxc3 Qc4+ 27. Rd3 Nxc3 28. Qa3 Nd5 29. Qb2 Nb4 30. Qh8+ Kf7 31. Qf6+ Kg8 32. Bh6 Nxd3 33. Qg7# 1-0

[Event "CZE-ch U10 Girls"]
[Site "Kouty nad Desnou"]
[Date "2020.03.08"]
[Round "2"]
[White "Kubatova, Ema"]
[Black "Buchtova, Viktorie"]
[Result "0-1"]
[WhiteElo "1204"]
[BlackElo "1347"]
[PlyCount "144"]
[EventDate "2020.03.07"]
[EventType "swiss"]
[EventRounds "7"]
[EventCountry "CZE"]
[SourceTitle "CBM 195 Extra"]
[Source "ChessBase"]
[SourceDate "2020.05.31"]
[SourceVersion "1"]
[SourceVersionDate "2020.05.31"]
[SourceQuality "1"]

1. e4 c5 2. Nf3 Nc6 3. d4 cxd4 4. Nxd4 Nf6 5. Nc3 d6 6. Bc4 e6 7. Bg5 Be7 8. 0-0 0-0 9. Nxc6 bxc6 10. Bd3 Bb7 11. Qe2 Qc7 12. Rad1 Rfd8 13. Rfe1 e5 14. Rd2 Rab8 15. Red1 Bc8 16. b3 Qb6 17. h3 d5 18. exd5 Qa5 19. Na4 Rxd5 20. Bc4 Rxd2 21. Rxd2 Bf5 22. Rd1 h6 23. Bh4 Qc7 24. Bg3 Ne4 25. Qf3 Nxg3 26. Qxg3 Bxc2 27. Re1 Bf6 28. Rc1 Bg6 29. Bd5 Rd8 30. Bf3 Bg5 31. Rxc6 Qa5 32. Rc3 Bd2 33. Be2 Bxc3 34. Qxc3 Qxc3 35. Nxc3 Rc8 36. Nd5 Rc2 37. Ne7+ Kh7 38. Nxg6 Rxe2 39. Kf1 Rxa2 40. Nxe5 Rb2 41. Nc6 a6 42. Nb4 Rxb3 43. Nxa6 Kg6 44. Ke2 Kf5 45. Kd2 Ke5 46. Kc2 Ra3 47. Nb4 Kd4 48. Kd2 Rb3 49. Nc2+ Ke4 50. Ne3 f5 51. Kc2 Rxe3 52. fxe3 Kxe3 53. Kd1 Kf2 54. Kd2 Kxg2 55. Ke3 Kg3 56. Ke2 f4 57. Kf1 Kf3 58. h4 g5 59. hxg5 hxg5 60. Kg1 Ke2 61. Kg2 f3+ 62. Kg3 f2 63. Kg4 f1Q 64. Kxg5 Ke3 65. Kg4 Qf4+ 66. Kh5 Qg3 67. Kh6 Qg4 68. Kh7 Qg5 69. Kh8 Kf4 70. Kh7 Kf5 71. Kh8 Kf6 72. Kh7 Qg7# 0-1

[Event "EU-ch U10 Girls"]
[Site "Bratislava"]
[Date "2019.08.04"]
[Round "3"]
[White "Toth, Lili1111"]
[Black "Buchtova, Viktorie"]
[Result "1-0"]
[WhiteElo "1545"]
[BlackElo "1228"]
[PlyCount "73"]
[EventDate "2019.08.02"]
[EventType "swiss"]
[EventRounds "9"]
[EventCountry "SVK"]
[SourceTitle "EXT 2020"]
[Source "ChessBase"]
[SourceDate "2019.10.17"]
[SourceVersion "1"]
[SourceVersionDate "2019.10.17"]
[SourceQuality "1"]

1. d4 Nf6 2. c4 e6 3. Nc3 d5 4. Nf3 Be7 5. Bf4 0-0 6. e3 Nbd7 7. Bd3 c6 8. h3 dxc4 9. Bxc4 b5 10. Bd3 a6 11. 0-0 c5 12. dxc5 Nxc5 13. Bc2 Bb7 14. Ne5 Qb6 15. Qe2 Rfd8 16. Rfd1 Qa5 17. a3 Qb6 18. b4 Ncd7 19. Nxd7 Nxd7 20. Be4 Bxe4 21. Nxe4 Nf6 22. Qf3 Rac8 23. Rxd8+ Rxd8 24. Rc1 a5 25. Bc7 Qa7 26. Bxd8 Bxd8 27. Rc8 Qd7 28. Nxf6+ gxf6 29. Qa8 Qd1+ 30. Kh2 Qd6+ 31. g3 Kg7 32. Rxd8 Qe5 33. Rg8+ Kh6 34. Qf3 axb4 35. axb4 Qc3 36. Qf4+ Kh5 37. Qh4# 1-0